<?xml version="1.0" encoding="UTF-8"?><?xml-stylesheet type="text/xsl" href="static/style.xsl"?><OAI-PMH xmlns="http://www.openarchives.org/OAI/2.0/" xmlns:xsi="http://www.w3.org/2001/XMLSchema-instance" xsi:schemaLocation="http://www.openarchives.org/OAI/2.0/ http://www.openarchives.org/OAI/2.0/OAI-PMH.xsd"><responseDate>2026-05-01T18:46:14Z</responseDate><request verb="GetRecord" identifier="oai:riubu.ubu.es:10259/7550" metadataPrefix="marc">https://riubu.ubu.es/oai/request</request><GetRecord><record><header><identifier>oai:riubu.ubu.es:10259/7550</identifier><datestamp>2023-10-28T00:05:51Z</datestamp><setSpec>com_10259_4431</setSpec><setSpec>com_10259_2684</setSpec><setSpec>col_10259_7518</setSpec></header><metadata><record xmlns="http://www.loc.gov/MARC21/slim" xmlns:doc="http://www.lyncode.com/xoai" xmlns:xsi="http://www.w3.org/2001/XMLSchema-instance" xmlns:dcterms="http://purl.org/dc/terms/" xsi:schemaLocation="http://www.loc.gov/MARC21/slim http://www.loc.gov/standards/marcxml/schema/MARC21slim.xsd">
<leader>00925njm 22002777a 4500</leader>
<datafield tag="042" ind1=" " ind2=" ">
<subfield code="a">dc</subfield>
</datafield>
<datafield tag="720" ind1=" " ind2=" ">
<subfield code="a">Mercado Val, Elvira</subfield>
<subfield code="e">author</subfield>
</datafield>
<datafield tag="260" ind1=" " ind2=" ">
<subfield code="c">2022</subfield>
</datafield>
<datafield tag="520" ind1=" " ind2=" ">
<subfield code="a">En este capítulo se ha hecho una revisión de los principales síndromes epilépticos en  las tres etapas de desarrollo con sus características más definitorias y mostrando el impacto neuropsicológico que estos tipos de epilepsia pudieran mostrar.</subfield>
</datafield>
<datafield tag="520" ind1=" " ind2=" ">
<subfield code="a">This chapter has reviewed the main epileptic syndromes in the three&#xd;
stages of development with their most defining characteristics and&#xd;
showing the neuropsychological impact that these types of epilepsy&#xd;
could show.</subfield>
</datafield>
<datafield tag="520" ind1=" " ind2=" ">
<subfield code="a">In questo capitolo abbiamo presentato una rassegna delle principali sindromi epilettiche&#xd;
in tre stadi di sviluppo, con le loro caratteristiche più significative e mostrando l'impatto&#xd;
neuropsicologico che questi tipi di epilessia possono avere.</subfield>
</datafield>
<datafield tag="520" ind1=" " ind2=" ">
<subfield code="a">U ovom poglavlju dat je pregled glavnih epileptičkih sindroma u tri razvojna stupnja s njihovim najvažnijim karakteristikama i prikazom neuropsihološkog utjecaja koji se kod ovih epilepsija javljaju.</subfield>
</datafield>
<datafield tag="024" ind2=" " ind1="8">
<subfield code="a">http://hdl.handle.net/10259/7550</subfield>
</datafield>
<datafield tag="245" ind1="0" ind2="0">
<subfield code="a">Modulo III.2. Patologías en edades tempranas: Epilepsia</subfield>
</datafield>
</record></metadata></record></GetRecord></OAI-PMH>